banner koha

Isolamento e seleção de fungos para biorremediação a partir de solo contaminado com herbicidas triazínicos (Registro n. 200079)

MARC details
000 -LÍDER
campo de controle de tamanho fixo 00929nas a2200313 4500
001 - NÚMERO DE CONTROLE
campo de controle BR0807965
003 - IDENTIFICADOR DO NÚMERO DE CONTROLE
campo de controle BR-BrBNA
005 - DATA E HORÁRIO DA ÚLTIMA TRANSAÇÃO
campo de controle 20231205112813.0
007 - CAMPO FIXO DE DESCRIÇÃO FÍSICA--INFORMAÇÃO GERAL
campo de controle de tamanho fixo ta
008 - CAMPO DE DADOS FIXOS--INFORMAÇÃO GERAL
campo de controle de tamanho fixo 230509b bl.|||p| |||| 00| 00por d
040 ## - FONTE DA CATALOGAÇÃO
Instituição da catalogação original BR-BrBNA
Idioma da catalogação por
Instituição que transcreveu o registro Biblioteca Nacional de Agricultura
041 ## - CÓDIGO DE IDIOMA
Código do idioma do texto/trilha sonora ou título diferente (Pt)
072 ## - CÓDIGO DE CATEGORIA DE ASSUNTO
Código de Categoria de Assunto P34; H60
100 1# - ENTRADA PRINCIPAL--NOME PESSOAL
Nome pessoal Colla, L.M.
100 1# - ENTRADA PRINCIPAL--NOME PESSOAL
Nome pessoal Primaz, A.L.
100 1# - ENTRADA PRINCIPAL--NOME PESSOAL
Nome pessoal Lima, M. de
100 1# - ENTRADA PRINCIPAL--NOME PESSOAL
Nome pessoal Bertolin, T.E.
100 1# - ENTRADA PRINCIPAL--NOME PESSOAL
Nome pessoal Costa, J.A.V.
245 1# - TÍTULO
Título Isolamento e seleção de fungos para biorremediação a partir de solo contaminado com herbicidas triazínicos
650 ## - ASSUNTO--TERMO TÓPICO
Cabeçalho tópico ou nome geográfico HERBICIDA
650 ## - ASSUNTO--TERMO TÓPICO
Cabeçalho tópico ou nome geográfico SOLO
650 ## - ASSUNTO--TERMO TÓPICO
Cabeçalho tópico ou nome geográfico CONTAMINAÇÃO
650 ## - ASSUNTO--TERMO TÓPICO
Cabeçalho tópico ou nome geográfico FUNGO
650 ## - ASSUNTO--TERMO TÓPICO
Cabeçalho tópico ou nome geográfico ISOLAMENTO
650 ## - ASSUNTO--TERMO TÓPICO
Cabeçalho tópico ou nome geográfico MICRORGANISMO
773 0# - ENTRADA ANALÍTICA
Título Ciência e Agrotecnologia (Brazil)
ISSN - International Standard Serial Number ISSN 1413-7054
Partes relacionadas (May-Jun 2008), v. 32(3) p. 809-813
Número de controle do registro BR0807965
909 ## -
-- 202311
-- Lúcia
-- 55
-- Lúcia Elande
942 ## - ELEMENTOS DE ENTRADA ADICIONADOS (KOHA)
Fonte da classificação ou esquema de arquivamento na estante Classificação AGRIS
Ocultar no OPAC Não
Tipo de material Koha Analítica
Exemplares
Situação do descarte Fonte da classificação ou esquema de arquivamento na estante Situação física Não pode ser emprestado Biblioteca de origem Biblioteca atual Localização na estante Enumeração do periódico / cronologia Total de empréstimos Data de último acesso Número do exemplar Tipo de material Koha Fonte de aquisição
  Classificação AGRIS   Consulta local Biblioteca Nacional de Agricultura - Binagri Biblioteca Nacional de Agricultura - Binagri   (May-Jun 2008), v. 32(3) p. 809-813   29/11/2023 01 Periódicos Portaria Interministerial nº 164/94

BINAGRI

Telefone: (61)3218-2567/2388/3357/2097 - binagri@agro.gov.br

Ministério da Agricultura e Pecuária , Esplanada dos Ministérios, Bloco D, Anexo B, Brasília/DF, CEP: 70.043-900